000 01104nam0a22002891 4500
001 rc\533050
005 20030616165548.3
035 _a(NLR Aleph) 005770899
090 _a5031309
_c5031309
100 _a20030616d1988 u |0rusy50 ca
101 0 _arus
102 _aRU
105 _aa |||||||||
200 1 _aСТАЛЕПЛАВИЛЬНОЕ производство
_e[Сб. ст.]
_fНауч. ред. к. т. н. Г.А. Лопухов и др.
210 _aМ.
_cВИНИТИ
_d1988
215 _a211 с.
_cил.
_d21
225 1 _aПроизводство чугуна и стали
_fВИНИТИ
_vТ. 18
225 1 _aИтоги науки и техники
_eСер.
300 _aВ надзаг. также: Гос. ком. СССР по науке и технике. АН СССР
300 _aНа обл. только загл. сер.
320 _aБиблиогр. в конце ст.
702 1 _aЛопухов
_bГ. А.
_gГеннадий Алексеевич
_4340
801 0 _aRU
_bNLR
_gpsbo
801 1 _aRU
_bELAR
_2rusmarc
852 _aNLR
_jП10/4389
942 _cBOOK
980 _aNB